Drug Information about commonly used Drug (Record no. 11057)
[ view plain ]
| 000 -LEADER | |
|---|---|
| fixed length control field | 00499nam a22001697a 4500 |
| 003 - CONTROL NUMBER IDENTIFIER | |
| control field | OSt |
| 008 - FIXED-LENGTH DATA ELEMENTS--GENERAL INFORMATION | |
| fixed length control field | 220115b ||||| |||| 00| 0 eng d |
| 020 ## - INTERNATIONAL STANDARD BOOK NUMBER | |
| International Standard Book Number | 978-81-905957-3-5 |
| 082 ## - DEWEY DECIMAL CLASSIFICATION NUMBER | |
| Classification number | 615.1901 SHD |
| 100 ## - MAIN ENTRY--PERSONAL NAME | |
| Personal name | SHARMA,P.P |
| 245 ## - TITLE STATEMENT | |
| Title | Drug Information about commonly used Drug |
| 260 ## - PUBLICATION, DISTRIBUTION, ETC. (IMPRINT) | |
| Place of publication, distribution, etc | Delhi |
| Name of publisher, distributor, etc | Vandana Publications Pvt.Ltd |
| 300 ## - PHYSICAL DESCRIPTION | |
| Extent | 745 |
| 650 ## - SUBJECT ADDED ENTRY--TOPICAL TERM | |
| Topical term or geographic name as entry element | Pharmaceutics- Drug Delivery Systems, Pharmaceutical Engineering Regulatory Science |
| 700 ## - ADDED ENTRY--PERSONAL NAME | |
| Personal name | SINGH,Ramendra |
| 942 ## - ADDED ENTRY ELEMENTS (KOHA) | |
| Source of classification or shelving scheme | Dewey Decimal Classification |
| Koha item type | Text Books |
| Withdrawn status | Lost status | Source of classification or shelving scheme | Damaged status | Not for loan | Collection code | Home library | Current library | Date acquired | Source of acquisition | Currency | Cost, normal purchase price | Bill Number | Total Checkouts | Full call number | Acc. no. / Barcode | Date last seen | Actual Cost, discounted price | Bill Date | Koha item type | Date last borrowed |
|---|---|---|---|---|---|---|---|---|---|---|---|---|---|---|---|---|---|---|---|---|
| Dewey Decimal Classification | Diploma in Pharmacy | PIET C-LIBRARY | PIET C-LIBRARY | 12/01/2022 | Kirti Parkashan | Indian Rup | 800.00 | IN3269 | 615.1901 SHD | DP948 | 15/01/2022 | 656.00 | 11/01/2022 | Reference Books | ||||||
| Dewey Decimal Classification | Diploma in Pharmacy | PIET C-LIBRARY | PIET C-LIBRARY | 12/01/2022 | Kirthi Parkashan | Indian Rup | 800.00 | IN3269 | 2 | 615.1901 SHD | DP949 | 01/05/2023 | 656.00 | 11/01/2022 | Text Books | 14/04/2023 |